| 000 | 00829cam a2200289 4500 | ||
|---|---|---|---|
| 001 | 3615022 | ||
| 003 | OSt | ||
| 005 | 20140310181629.0 | ||
| 008 | 690822s1969 nyu 000 0 eng | ||
| 010 | _a 73076180 | ||
| 040 |
_aDLC _cDLC _dDLC |
||
| 050 | 0 | 0 |
_aBF 1031 _b.B877 1969 |
| 082 | 0 | 0 |
_aTR 133 _bB81 1969 |
| 100 | 1 | _aBrown, Kingdon L. | |
| 245 | 1 | 4 |
_aThe power of psychic awareness / _c[by] Kingdon L. Brown. |
| 260 |
_aWest Nyack, N.Y., _bParker Pub. Co. _c[1969] |
||
| 300 |
_a200 p. : _c24 cm. |
||
| 350 | _a6.95 | ||
| 520 | _a1. Parasychology 2. Occultism | ||
| 521 | _aBasic ed. students | ||
| 541 | _j1 | ||
| 562 | _eFor circulation. 1 copy in the collection | ||
| 650 | 0 | _aParapsychology. | |
| 650 | 0 | _aSuccess. | |
| 906 |
_a7 _bcbc _corignew _du _encip _f19 _gy-gencatlg |
||
| 942 |
_2lcc _cBK-TR _kTR |
||
| 999 |
_c460 _d460 |
||